Bobsleje - Najlepsze Kraje na IO w XXI wieku - Statystyki

Ogólne statystyki
  • Ten quiz został rozwiązany 21 razy
  • Średni wynik to 7 z 9
Statystyki odpowiedzi
🥇 🥈 🥉 Kraj % Poprawnych
3x 7x 6x Stany Zjednoczone
100%
15x 11x 3x Niemcy
95%
3x 2x 4x Kanada
90%
- 1x 1x Rosja
90%
- - 1x Włochy
90%
1x 1x 4x Szwajcaria
76%
- - 1x Wielka Brytania
76%
1x - 2x Łotwa
71%
- 1x - Korea Południowa
57%
Nie znaleziono quizów pasujących do podanych kryteriów
Rozkład punktacji
Procent ludzi z każdym wynikiem
Percentyl według liczby udzielonych odpowiedzi
Twoja historia wyników
Nie rozwiązałeś tego quizu